Cartas del Yage
Salvato in:
| Autori principali: | , |
|---|---|
| Natura: | Libro |
| Lingua: | spagnolo |
| Pubblicazione: |
Buenos Aires
Signos
1971
|
| Serie: | Pasado y presente literatura
|
| Soggetti: | |
| Tags: |
Aggiungi Tag
Nessun Tag, puoi essere il primo ad aggiungerne!!
|
MARC
| LEADER | 00000nam a2200000 a 4500 | ||
|---|---|---|---|
| 001 | UCX9544 | ||
| 003 | CL-VaPUC | ||
| 008 | 940613e19710000AG |||||||||||||||||spa|d | ||
| 082 | 0 | 4 | |a 816 |b BUR |2 21 |
| 100 | |a Burroughs, William Seward |e autor |9 326974 | ||
| 700 | |a Ginsberg, Allen |e author |9 408119 | ||
| 245 | 1 | 0 | |a Cartas del Yage |
| 300 | |a 84 p | ||
| 942 | |c BK | ||
| 945 | |d 19940613 00:00:00 |a oaravena | ||
| 260 | |a Buenos Aires |b Signos |c 1971 | ||
| 650 | 0 | |a Correspondencia |9 258963 | |
| 583 | |a last modification |c 20141219 01:03:12 |k Rodrigo Vera | ||
| 490 | 0 | |a Pasado y presente literatura | |
| 999 | |c 228753 |d 228751 | ||